[Event "1st Easter Festival-A 2021"]
[Site "Bassano del Grappa"]
[Date "2021.04.02"]
[Round "4.6"]
[White "Solomon, Kenny"]
[Black "Moroni, Luca Jr"]
[Result "1/2-1/2"]
[WhiteElo "2357"]
[BlackElo "2552"]
[Annotator "TA"]
[PlyCount "95"]
[EventDate "2021.04.01"]
[EventType "swiss"]
[EventCountry "ITA"]
[SourceTitle "playchess.com"]
[Source "ChessBase"]
[SourceQuality "1"]

{[%evp 14,95,51,32,62,39,42,45,65,64,64,60,164,164,171,140,169,137,201,195,483,157,389,372,375,57,366,380,352,242,237,242,329,166,141,141,143,139,158,133,203,187,202,175,228,169,177,140,163,155,145,85,268,268,254,255,253,252,285,143,135,142,120,113,107,103,96,131,122,117,110,111,139,25,25,26,24,0,0,0,0,0,0,0]} 1. d4 d6 2. e4 Nf6 3. Nc3 g6 4. Be3 Bg7 5. Qd2 O-O 6. O-O-O c6 7. f3 b5 {[%cal Bb7b5,Bb5b4][%mdl 32]} 8. h4 Qa5 {B07: Pirc Defence: Miscellaneous Systems.} 9. Kb1 b4 $1 {[%cal Rb4c3]} 10. Nce2 h5 $1 {White is slightly better.} 11. Nf4 Nbd7 12. g4 {[#]} Nb6 $146 ({Black should try} 12... e5 $1 $14) ({Predecessor:} 12... e5 13. dxe5 dxe5 14. Nxg6 fxg6 15. Nh3 Qc7 16. Ng5 Nb6 17. Qxb4 Kh8 18. Bc5 Re8 {1-0 (42) Ametrano,A (2173)-Laine,J (2166) ICCF email 2017}) 13. gxh5 $1 $18 e5 {[#]} 14. h6 $1 Bh8 15. dxe5 dxe5 16. h7+ Nxh7 $2 {[#]} (16... Kxh7 17. Nfh3 Kg8) 17. h5 $1 g5 $2 {[#]} (17... exf4 $16 18. hxg6 Ng5 19. gxf7+ Kxf7 20. Bxb6 axb6 21. Bc4+ Ne6 22. Qxf4+ Ke8) 18. Ng6 $1 {[%mdl 576] Discovered Attack} Be6 19. Ne7+ {[%mdl 64] Double Attack} Kg7 20. b3 {[%cal Bb2b3,Bb3a4][%mdl 32]} Na4 21. Nxc6 (21. bxa4 Rfd8 $14) 21... Qc7 22. h6+ (22. Nxb4 $6 Rfd8 $16) 22... Kg6 {...Nc3+ is the strong threat.} 23. Qxb4 (23. bxa4 Qxc6 24. Bb5 (24. Qxb4 Rfb8 $11) 24... Qc7 $18) (23. Qd6 $142 Nc3+ 24. Kc1 Qxd6 25. Rxd6) 23... Qxc6 24. Qxa4 Qxa4 25. bxa4 Rab8+ 26. Ka1 Bf6 (26... Rfc8 $16 27. Rh2 (27. Bxa7 Ra8 $14) 27... Bf6) 27. Bb5 (27. Bxa7 $6 Ra8 $14) 27... Rb7 28. Ne2 Be7 (28... Rc7 {was called for.} 29. Bd3 Be7) 29. c4 Rc7 30. Nc3 Bxc4 31. Nd5 Bxd5 32. exd5 (32. Rxd5 $142 {Black must now prevent Bd7.} Rd8 33. Rxd8 (33. Rxe5 Bf6 $15) 33... Bxd8 34. Bd2) 32... Bd6 $2 {[#]} (32... Rd8 $16 {is a better defense.}) 33. Rc1 $1 Rfc8 34. Rc6 Rxc6 35. dxc6 ({Much less strong is} 35. Bxc6 $6 Rc7 $16) 35... a6 36. Bd3+ (36. Bxa6 $18 Rxc6 37. Bb5) 36... e4 $16 37. Bxe4+ f5 38. Bd3 {And now Rc1 would win.} Rxc6 39. Rc1 Be5+ 40. Kb1 Rd6 41. Kc2 Nf6 42. Rg1 Nd5 43. Bd2 ({Inferior is} 43. Rxg5+ Kxh6 44. Bd2 {[#]} Nb4+ $1 45. Bxb4 Rc6+ 46. Kb3 Kxg5 $17) (43. Bxg5 $16 {aiming for Bf4+.} Nb4+ {[%mdl 64] Double Attack} 44. Kb3 Nxd3 45. Be7+ Kxh6 46. Bxd6 Bxd6 47. Rd1 Nc5+ 48. Kc4) 43... Nf4 $11 44. Bxf4 Bxf4 45. Rh1 Rc6+ {The position is equal.} 46. Kb1 {Strongly threatening h7.} Rb6+ 47. Kc2 {Hoping for h7.} Rc6+ 48. Kb1 {White really could win this.  Weighted Error Value: White=0.29/Black=0.34} 1/2-1/2

[Event "1st Easter Festival-A 2021"]
[Site "Bassano del Grappa"]
[Date "2021.04.02"]
[Round "4.7"]
[White "Tisaj, Domen"]
[Black "Bellahcene, Bilel"]
[Result "1-0"]
[WhiteElo "2287"]
[BlackElo "2517"]
[Annotator "TA"]
[PlyCount "93"]
[EventDate "2021.04.01"]
[EventType "swiss"]
[EventCountry "ITA"]
[SourceTitle "playchess.com"]
[Source "ChessBase"]
[SourceQuality "1"]

{[%evp 9,93,15,14,-32,-25,-45,-33,-45,-35,-42,-27,-29,-18,-43,0,0,0,-19,0,-12,-22,-39,-39,-39,-37,-47,-16,-33,-21,-64,-66,-65,-61,-64,-72,-92,-100,-102,-89,-94,-64,-107,-107,-111,-64,-97,-82,-102,-82,-172,-175,-187,-211,-212,-182,-188,-135,-147,-152,-150,-143,-163,-105,-112,-109,-130,-11,-11,-11,-11,-11,-10,-10,-10,0,-138,-207,-973,1030,-295,-291,-1970,-697,-674,-197,-1160]} 1. Nf3 Nf6 2. c4 c5 3. g3 Nc6 4. Bg2 d5 5. cxd5 Nxd5 6. b3 {A30: Symmetrical English: Double Fianchetto and Hedgehog.} e5 7. Bb2 f6 8. Nc3 {Black is slightly better.} Be6 9. O-O Be7 10. e3 O-O 11. Qe2 {[#]} f5 $146 ({Predecessor:} 11... Re8 12. Rfd1 Bf8 13. Rac1 Nxc3 14. Bxc3 Qd7 15. d3 {½-½ (15) Barle,J (2380)-Farago,I (2485) Ljubljana 2001}) 12. Nxd5 Bxd5 13. d3 ({Not} 13. Nxe5 $2 Bxg2 14. Kxg2 Nxe5 $19) 13... Bf6 14. Rac1 b6 15. Rfd1 Qe7 16. e4 fxe4 17. dxe4 Bf7 18. Nd2 Bg5 19. Rb1 Rac8 {[%cal Ba8c8,Bc8c7,Bc7c3][%mdl 32]} 20. h4 Bh6 21. Bh3 Rc7 22. Nc4 Nd4 23. Bxd4 cxd4 24. a4 Be8 25. Nb2 Rc3 26. Rd3 {Black should prevent Rxc3.} Rc5 27. Rbd1 Rf6 28. Nc4 a6 {[%cal Ba7a6,Ba6b5][%mdl 32]} 29. Bf5 (29. Ra1 $17) 29... b5 30. axb5 axb5 31. Na3 g6 {...Rc7 is the strong threat.} 32. Bh3 Bf8 (32... Rfc6 $19 33. b4 Rc1 34. Rxc1 Rxc1+ 35. Rd1 Rxd1+ 36. Qxd1 Qxb4 37. Be6+ Kg7) 33. Nc2 Rc7 34. Ne1 Bf7 35. Ra1 Rb6 (35... b4 $19 36. Ra8 Rc1) 36. Bf1 b4 37. Rf3 Rbc6 (37... Rc3 $17 38. Ra8 Rxb3 39. Rxb3 Bxb3) 38. Qb5 $11 Qc5 {With the idea ...Qxb5.} 39. Qa4 Qd6 $36 {[%mdl 2048] Black has some pressure.} 40. Nd3 Rc3 41. Qb5 Bxb3 42. Ra6 {[#]} (42. Ra8 $11 {remains equal.} Rc8 43. Rxc8 Rxc8 44. Nxb4) 42... Bc4 $1 $17 {[%mdl 64] Skewer} 43. Rb6 (43. Rxd6 Bxb5 44. Rd8 Bxd3 45. Rdxf8+ Kg7 46. Bxd3 Rxd3 47. R8f7+ Rxf7 48. Rxd3) 43... Qc6 $4 {[%mdl 8192] [#]} 44. Rxc6 $4 {[%mdl 8192]} (44. Rxf8+ $1 $18 {[%mdl 512]} Kxf8 45. Qxb4+ (45. Rxc6 $2 {perishes.} Bxb5 46. Rb6 Bxd3 $19) (45. Qxc6 Rxc6 46. Rb8+ Ke7 $15) 45... Ke8 46. Rxc6 Rxc6 47. Nxe5 {[%mdl 64] Double Attack} Bxf1 48. Nxc6 Rxc6 49. Kxf1) 44... Bxb5 $19 45. Rd6 (45. Rcf6 Bg7 46. Rb6) 45... Bxd3 (45... Bxd6 $142 46. Rf6 Be7 47. Nxb4 Rc1) 46. Rd8 Kg7 47. Rfxf8 $2 {[%mdl 32768] Weighted Error Value: White=0.54/Black=0.45. Loss on time!?} (47. Bxd3 b3 48. Rb8) 1-0

[Event "1st Easter Festival-A 2021"]
[Site "Bassano del Grappa"]
[Date "2021.04.02"]
[Round "4.8"]
[White "Carlo, Emanuele"]
[Black "Sonis, Francesco"]
[Result "1/2-1/2"]
[WhiteElo "2282"]
[BlackElo "2477"]
[Annotator "ChessBase"]
[PlyCount "103"]
[EventDate "2021.04.01"]
[EventType "swiss"]
[EventCountry "ITA"]
[SourceTitle "playchess.com"]
[Source "ChessBase"]
[SourceQuality "1"]
[TimeControl "5400+30"]

1. e4 {[%emt 0:00:00]} e6 {[%emt 0:00:00]} 2. d4 {[%emt 0:00:00]} d5 {[%emt 0:00:00]} 3. Nd2 {[%emt 0:00:30]} c5 {[%emt 0:00:00]} 4. Ngf3 {[%emt 0:01:18]} cxd4 {[%emt 0:00:51]} 5. Nxd4 {[%emt 0:00:46]} Nf6 {[%emt 0:00:11]} 6. Bd3 {[%emt 0:02:24]} Bc5 {[%emt 0:03:40]} 7. N4b3 {[%emt 0:06:45]} dxe4 {[%emt 0:07:24]} 8. Nxe4 {[%emt 0:03:51]} Nxe4 {[%emt 0:00:18]} 9. Bxe4 {[%emt 0:00:02]} Qxd1+ {[%emt 0:00:14]} 10. Kxd1 {[%emt 0:00:02]} Bb6 {[%emt 0:00:39]} 11. f4 {[%emt 0:04:09]} Nd7 {[%emt 0:00:33]} 12. Bd2 {[%emt 0:04:02]} Nf6 {[%emt 0:04:07]} 13. Bf3 {[%emt 0:00:34]} Bc7 {[%emt 0:00:41]} 14. Ke2 {[%emt 0:02:15]} Rb8 {[%emt 0:00:37]} 15. g3 {[%emt 0:01:36]} O-O {[%emt 0:08:00]} 16. Be3 {[%emt 0:03:30]} b6 {[%emt 0:00:27]} 17. Nd4 {[%emt 0:01:42]} Bd7 {[%emt 0:05:57]} 18. a4 {[%emt 0:04:00]} a6 {[%emt 0:02:44]} 19. Nc6 {[%emt 0:00:57]} Bxc6 {[%emt 0:00:07]} 20. Bxc6 {[%emt 0:00:04]} Rfc8 {[%emt 0:00:03]} 21. Bf3 {[%emt 0:01:01]} e5 {[%emt 0:00:15]} 22. fxe5 {[%emt 0:03:19]} Bxe5 {[%emt 0:00:11]} 23. c3 {[%emt 0:00:10]} Re8 {[%emt 0:04:33]} 24. Kf2 {[%emt 0:03:44]} b5 {[%emt 0:01:53]} 25. Ba7 {[%emt 0:10:28]} Rbc8 {[%emt 0:00:28]} 26. axb5 {[%emt 0:03:29]} axb5 {[%emt 0:00:10]} 27. Rae1 {[%emt 0:01:27]} Re7 {[%emt 0:04:40]} 28. Be3 {[%emt 0:04:33]} h6 {[%emt 0:02:45]} 29. Bf4 {[%emt 0:02:56]} Rce8 {[%emt 0:05:28]} 30. Bxe5 {[%emt 0:06:47]} Rxe5 {[%emt 0:00:05]} 31. Rxe5 {[%emt 0:00:01]} Rxe5 {[%emt 0:00:08]} 32. Ra1 {[%emt 0:00:41]} Kf8 {[%emt 0:00:39]} 33. Ra5 {[%emt 0:01:37]} Rc5 {[%emt 0:07:03]} 34. Be2 {[%emt 0:04:32]} Ne4+ {[%emt 0:00:12]} 35. Ke3 {[%emt 0:00:18]} Nd6 {[%emt 0:00:04]} 36. Kd4 {[%emt 0:00:31]} Rf5 {[%emt 0:00:16]} 37. c4 {[%emt 0:01:39]} bxc4 {[%emt 0:00:06]} 38. Rxf5 {[%emt 0:00:02]} Nxf5+ {[%emt 0:00:07]} 39. Kxc4 {[%emt 0:00:04]} Ke7 {[%emt 0:00:04]} 40. Kc5 {[%emt 0:00:33]} Nd6 {[%emt 0:04:51]} 41. Bf3 {[%emt 0:01:26]} f5 {[%emt 0:01:06]} 42. b4 {[%emt 0:02:12]} g5 {[%emt 0:01:45]} 43. b5 {[%emt 0:01:46]} Nxb5 {[%emt 0:07:34]} 44. Kxb5 {[%emt 0:00:07]} g4 {[%emt 0:00:01]} 45. Be2 {[%emt 0:05:34]} Kf6 {[%emt 0:00:07]} 46. Kc4 {[%emt 0:00:06]} Kg5 {[%emt 0:00:06]} 47. Kd4 {[%emt 0:00:08]} f4 {[%emt 0:00:04]} 48. Ke4 {[%emt 0:00:15]} fxg3 {[%emt 0:00:10]} 49. hxg3 {[%emt 0:00:04]} h5 {[%emt 0:00:09]} 50. Ke3 {[%emt 0:00:07]} h4 {[%emt 0:00:05]} 51. gxh4+ {[%emt 0:00:05]} Kxh4 {[%emt 0:00:05]} 52. Bxg4 {[%emt 0:00:05]} 1/2-1/2

[Event "1st Easter Festival-A 2021"]
[Site "Bassano del Grappa"]
[Date "2021.04.02"]
[Round "4.9"]
[White "Diermair, Andreas"]
[Black "Deuer, Marius"]
[Result "1/2-1/2"]
[WhiteElo "2487"]
[BlackElo "2231"]
[Annotator "TA"]
[PlyCount "116"]
[EventDate "2021.04.01"]
[EventType "swiss"]
[EventCountry "ITA"]
[SourceTitle "playchess.com"]
[Source "ChessBase"]
[SourceQuality "1"]

{[%evp 17,116,37,43,16,60,62,47,52,67,58,64,60,58,58,109,61,89,54,46,-55,-65,-62,-62,-72,-68,-78,-74,-73,-67,-76,-85,-76,-76,-85,-85,-82,-82,-82,-82,-82,-81,-100,-100,-100,-100,-122,-122,-122,-122,-122,-122,-122,-122,-122,-122,-122,-101,-177,-177,-177,-177,-177,-177,-177,-177,-177,-177,-177,-177,-180,-181,-181,-180,-2099,-2099,-1690,-1690,-187,-123,-1471,-1340,-1372,-1238,-1213,-1213,-1007,-24,-24,-24,-24,-24,-24,-8,-8,0,-24,-24,-24,-8,-10,-24]} 1. Nf3 Nf6 2. g3 c5 3. Bg2 Nc6 4. O-O d5 5. d4 cxd4 6. Nxd4 e6 7. c4 Qb6 8. Nxc6 bxc6 9. Nc3 Be7 10. e4 {[%cal Rc4d5] E01: Catalan: Early deviations.} dxe4 11. Nxe4 Nxe4 12. Bxe4 {[#] White is slightly better.} O-O $146 ({Predecessor:} 12... Bb7 13. Be3 Bc5 14. Bxc5 Qxc5 15. Qc2 f5 16. b4 Qe5 17. Bg2 O-O 18. Rfe1 Qf6 {1-0 (64) Katafiasz,T (1888)-Jedrocha,K (1948) Lazy 2016}) 13. Be3 Qc7 14. Qa4 Bd7 15. Rad1 Rfc8 (15... Be8 $14) 16. f4 g6 17. Rd2 Be8 18. b4 (18. c5 $14) 18... a5 $15 19. c5 Rcb8 20. bxa5 Rxa5 21. Qc4 Qa7 {[%cal Re7c5]} 22. Rc1 Rbb5 {[%cal Rb5c5]} 23. Qe2 Bxc5 24. Rxc5 Rxc5 25. Rd8 Qe7 26. Qd2 {[#]} Rd5 $1 27. Rxd5 {[#]} Rxa2 28. Qxa2 {Hoping for Bc5.} exd5 29. Qc2 Qxe4 30. Qxe4 dxe4 $17 {[%mdl 4096] Endgame KB-KB} 31. Bd4 f5 32. Kf2 Kf7 33. Ke2 Ke6 34. Kd2 Kd5 35. Kc3 e3 36. Bxe3 Ke4 37. Kd2 {[#]} (37. Bc5 $17) 37... Kf3 $1 $19 38. Bc5 Kg2 39. Ke3 Kxh2 40. Kf2 Bf7 41. Bd6 Kh3 42. Bc5 Bd5 43. Bd6 Kg4 44. Be7 h5 45. Bd6 $2 (45. Bh4) 45... g5 46. fxg5 Kxg5 47. Ke3 Kg4 48. Bc7 $2 {[%mdl 8192]} (48. Kf2 $17) 48... c5 49. Bd6 {[#]} c4 $1 50. Be5 Bf7 51. Bd6 c3 $2 (51... Be8 $19 52. Be5 Bg6) 52. Kd3 $11 Kf3 (52... c2 {is interesting.} 53. Kxc2 Bc4 54. Kc3 Be6 55. Kd4 Bd7) 53. Kxc3 Bg6 54. Kd4 Bh7 55. Bc7 Bg6 56. Bd6 Be8 57. Bc7 Kg4 58. Ke3 Bc6 {And White is the lucky defender.  Weighted Error Value: White=0.42/Black=0.18} 1/2-1/2

[Event "1st Easter Festival-A 2021"]
[Site "Bassano del Grappa"]
[Date "2021.04.02"]
[Round "4.10"]
[White "Brilej, Jaka"]
[Black "Schreiner, Peter"]
[Result "1/2-1/2"]
[WhiteElo "2279"]
[BlackElo "2458"]
[Annotator "TA"]
[PlyCount "76"]
[EventDate "2021.04.01"]
[EventType "swiss"]
[EventCountry "ITA"]
[SourceTitle "playchess.com"]
[Source "ChessBase"]
[SourceQuality "1"]

{[%evp 18,76,46,26,50,33,28,34,34,31,80,72,83,79,64,58,65,65,71,69,67,82,72,73,65,70,82,85,75,63,57,57,53,43,43,37,51,0,0,0,41,0,40,34,42,35,31,27,39,0,0,0,0,0,0,0,0,0,0,0,0]} 1. e4 c5 2. Nf3 Nc6 3. d4 cxd4 4. Nxd4 g6 5. c4 Nf6 6. Nc3 Nxd4 7. Qxd4 d6 8. Be2 Bg7 9. Be3 O-O 10. Qd2 a5 {now supersedes 10...Be6. B36: Sicilian: Maroczy Bind: Gurgenidze System.} 11. O-O a4 12. Rad1 Qa5 {White is slightly better.} 13. Bd4 Be6 {[#]} 14. f4 $1 Rfc8 {[#]} 15. b3 axb3 16. axb3 Qb4 17. f5 Bd7 18. Bxf6 Bxf6 19. Nd5 Qxd2 20. Nxf6+ exf6 21. Rxd2 {[#]} Ra3 $146 ({Predecessor:} 21... Bc6 22. fxg6 hxg6 23. Rxf6 Bxe4 24. Rfxd6 Ra3 25. b4 Rb3 26. b5 Rc5 27. R6d4 Re5 {½-½ (48) Almasi,Z (2699)-Papp,G (2597) Ajka 2018}) 22. Rxd6 Bc6 23. Bd1 Bxe4 24. fxg6 hxg6 25. Rdxf6 Bd3 26. Re1 b5 27. Bg4 (27. cxb5 $14 Kg7 28. Rc6) 27... Rc7 28. cxb5 {b6 is the strong threat.} Bxb5 (28... Rxb3 {feels hotter.} 29. Rd6 Kg7 30. b6 Rb7 31. Bd1 R7xb6 32. Rd8 Rb8) 29. b4 Ra4 30. Rf4 Ra2 31. Bf3 Rb2 32. h4 Kg7 33. Re5 Rc4 {The position is equal.} 34. Rxc4 Bxc4 35. Re4 Bd5 36. Re2 Rb1+ 37. Kf2 Bxf3 38. Kxf3 Rxb4 {Weighted Error Value: White=0.08/Black=0.07} 1/2-1/2

[Event "1st Easter Festival-A 2021"]
[Site "Bassano del Grappa"]
[Date "2021.04.03"]
[Round "5.1"]
[White "Niemann, Hans Moke"]
[Black "Bernadskiy, Vitaliy"]
[Result "1/2-1/2"]
[WhiteElo "2526"]
[BlackElo "2599"]
[Annotator "TA"]
[PlyCount "123"]
[EventDate "2021.04.01"]
[EventType "swiss"]
[EventCountry "ITA"]
[SourceTitle "playchess.com"]
[Source "ChessBase"]
[SourceQuality "1"]

{[%evp 21,123,6,9,0,19,4,26,5,20,-10,0,-13,-15,-14,6,16,28,20,26,23,41,46,68,85,100,50,83,41,87,59,76,21,32,0,67,39,32,39,62,23,29,33,30,6,6,6,6,6,12,9,13,1,6,1,6,0,0,0,0,0,0,0,0,0,6,6,31,16,21,21,21,21,21,21,21,21,21,20,20,18,20,20,20,18,20,18,20,20,20,0,20,20,20,0,0,0,0,0,0,0,7,2,2,2]} 1. d4 Nf6 2. c4 d6 3. Nf3 g6 4. Nc3 Bg7 5. e4 O-O 6. Be2 e5 7. dxe5 dxe5 8. Qxd8 Rxd8 9. Bg5 Re8 10. O-O-O Na6 {[%cal Bb8a6,Ba6c5,Bc5e6,Be6f4][%mdl 32]} 11. Ne1 Nc5 12. f3 {E92: King's Indian: Classical: 6 Be2 e5: 7 dxe5, 7 Be3 and Petrosian System without 7...Nbd7.} Ne6 13. Be3 c6 14. Nc2 {White has an edge.} b6 15. b4 Bb7 {[#]} 16. c5 $146 ({Predecessor:} 16. Rd2 c5 17. a3 Rec8 18. b5 Nd4 19. Kb2 a6 20. Bxd4 exd4 21. Nd5 Nxd5 22. exd5 d3+ {0-1 (22) Perez Garcia,M (1025)-Hlavinkova,L (1618) LSS email 2013}) 16... bxc5 17. bxc5 Nf4 18. Bf1 Rad8 19. Na1 Bh6 20. Kc2 {[#] Black must now prevent Rxd8.} Rxd1 21. Nxd1 {Strongly threatening g3.} Kg7 22. Nb3 Bc8 23. Rg1 Ne6 24. Bf2 Rd8 25. Nb2 Nd7 26. Na4 ({White should play} 26. Kc3 $16) 26... Ndf8 27. Nb2 Nd7 $1 28. Bd3 Nf4 29. Bc4 Nf8 30. Nd3 Nxd3 31. Bxd3 Ne6 32. Rd1 (32. Bc4 {seems wilder.} Bf4 33. g3 Bh6 34. h4 Kf6 35. Bd3) 32... Nf4 $1 33. Bf1 Rxd1 34. Kxd1 Bd7 35. Kc2 Bg5 36. Kc3 Bd8 37. Kb4 Kf8 38. Be1 Ke7 39. Bd2 Bc7 40. Na5 Ne6 41. Nc4 Bc8 42. Be3 Nd4 43. Bd3 Be6 (43... Ne6 {with more complications.} 44. Na5 Nd8 45. Bc4 f6 46. Bd3 Be6) 44. a4 Bxc4 {The position is equal.} 45. Kxc4 $11 {[%mdl 4096] Endgame KBB-KBN} Ne6 46. Bd2 f6 47. Kb4 g5 48. Be3 h6 49. a5 Kd7 50. Bf1 Ke7 51. a6 Kd7 52. Bd2 Bd8 53. Bc4 Be7 54. Be3 Bd8 55. Bb3 Bc7 56. g3 Ke7 57. Kc3 Ba5+ 58. Kd3 Bb4 59. Bxe6 Kxe6 60. f4 Kf7 61. fxe5 fxe5 62. g4 {Weighted Error Value: White=0.11/Black=0.06} 1/2-1/2

[Event "1st Easter Festival-A 2021"]
[Site "Bassano del Grappa"]
[Date "2021.04.03"]
[Round "5.2"]
[White "Bjerre, Jonas Buhl"]
[Black "Basso, Pier Luigi"]
[Result "1/2-1/2"]
[WhiteElo "2549"]
[BlackElo "2521"]
[Annotator "TA"]
[PlyCount "86"]
[EventDate "2021.04.01"]
[EventType "swiss"]
[EventCountry "ITA"]
[SourceTitle "playchess.com"]
[Source "ChessBase"]
[SourceQuality "1"]

{[%evp 9,86,10,16,27,25,8,2,0,-6,-3,4,0,0,-1,-6,-2,14,-5,0,0,0,-23,0,0,3,0,0,0,0,0,0,0,42,0,0,0,22,7,43,0,12,23,86,88,71,75,137,140,212,212,307,135,186,48,144,60,73,10,24,0,0,0,0,0,0,-11,34,26,35,25,60,0,0,0,0,0,0,0,0]} 1. d4 Nf6 2. c4 c6 3. Nf3 d5 4. g3 dxc4 5. Bg2 g6 6. O-O {D11: Slav Defence: 3 Nf3 sidelines and 3...Nf6 4 e3 Bg4.} Bg7 7. a4 Ne4 8. Nc3 Nd6 9. e4 Bg4 10. Be3 Qc8 11. Qe2 O-O 12. Rad1 Na6 {[#]} 13. Bg5 $146 ({Predecessor:} 13. h3 Bxf3 14. Bxf3 Nb4 {½-½ (14) Stukan,M (2342)-Basso,P (2553) Novi Sad 2021}) 13... f6 14. Bf4 Kh8 15. d5 Nf7 16. Qxc4 e5 17. dxe6 Bxe6 18. Qe2 Ne5 19. Nxe5 fxe5 20. Be3 Nc7 21. f4 (21. b4 {looks sharper.} Bb3 22. Rc1 Qe6 23. Qb2 b6 24. Rb1) 21... Bg4 22. Bf3 Bxf3 23. Qxf3 Ne6 24. Qg2 Bh6 25. Ne2 Ng7 (25... c5 $11) 26. Bc5 Rf7 27. fxe5 Rxf1+ ({Black should try} 27... Qe6) 28. Qxf1 $16 Qg4 (28... Qe6 $16) 29. Nc3 $18 Ne6 {[#]} (29... Kg8 {was worth a try.} 30. Rd6 Qg5) 30. Be7 (30. Rd7 $1 $18 Bf4 31. Be7) 30... Kg8 {[#]} (30... Bg7 $16 {keeps fighting.} 31. Bf6 Rf8) 31. Rd3 ({White should play} 31. Rd7 $1 $18) 31... Nf4 (31... Ng5 $1 $14) 32. Rf3 (32. Rd6 $16 {Threatens to win with Qc4+.} Re8 33. Qc4+ Kg7 34. Bf6+ Kf8 35. Qf1) 32... Nh3+ {[#]} 33. Kh1 ({Better is} 33. Kg2 $1 $16 {Strongly threatening Qc4+.} Qe6 34. Bf6) 33... Qe6 $11 34. Bd6 {Rf6 is the strong threat.} Bg7 35. Ne2 {Black must now prevent Nf4.} Ng5 36. Nd4 Qa2 {[%mdl 64] Double Attack} 37. Rf4 Ne6 38. Nxe6 Qxe6 39. Qf2 h5 40. a5 (40. Qd4 $14) 40... Bxe5 {The position is equal.} 41. Rf8+ Rxf8 42. Qxf8+ Kh7 43. Bxe5 Qxe5 {[%mdl 64] Double Attack.  Weighted Error Value: White=0.24/Black=0.21} 1/2-1/2

[Event "1st Easter Festival-A 2021"]
[Site "Bassano del Grappa"]
[Date "2021.04.03"]
[Round "5.3"]
[White "Checa, Nicolas"]
[Black "Maerevoet, Sim"]
[Result "1-0"]
[WhiteElo "2546"]
[BlackElo "2381"]
[Annotator "ChessBase"]
[PlyCount "67"]
[EventDate "2021.04.01"]
[EventType "swiss"]
[EventCountry "ITA"]
[SourceTitle "playchess.com"]
[Source "ChessBase"]
[SourceQuality "1"]
[TimeControl "5400+30"]

1. d4 {[%emt 0:06:40]} d5 {[%emt 0:00:00]} 2. c4 {[%emt 0:00:30]} e6 {[%emt 0:00:00]} 3. Nc3 {[%emt 0:00:18]} Nf6 {[%emt 0:00:00]} 4. Nf3 {[%emt 0:01:06]} c5 {[%emt 0:00:05]} 5. e3 {[%emt 0:00:06]} Nc6 {[%emt 0:00:05]} 6. cxd5 {[%emt 0:00:09]} Nxd5 {[%emt 0:02:16]} 7. Bc4 {[%emt 0:02:36]} Nxc3 {[%emt 0:10:24]} 8. bxc3 {[%emt 0:00:06]} cxd4 {[%emt 0:00:27]} 9. exd4 {[%emt 0:01:45]} Be7 {[%emt 0:02:11]} 10. O-O {[%emt 0:00:19]} O-O {[%emt 0:00:14]} 11. Re1 {[%emt 0:04:29]} b6 {[%emt 0:01:55]} 12. Bd3 {[%emt 0:02:31]} Bb7 {[%emt 0:01:13]} 13. h4 {[%emt 0:03:22]} Bxh4 {[%emt 0:42:46]} 14. Nxh4 {[%emt 0:00:15]} Qxh4 {[%emt 0:00:05]} 15. Re3 {[%emt 0:00:04]} g6 {[%emt 0:03:16]} 16. Rg3 {[%emt 0:00:06]} Qe7 {[%emt 0:01:50]} 17. Bh6 {[%emt 0:00:21]} Rfd8 {[%emt 0:01:34]} 18. Bg5 {[%emt 0:13:40]} f6 {[%emt 0:00:11]} 19. Bh4 {[%emt 0:00:06]} Kg7 {[%emt 0:02:41]} 20. Qg4 {[%emt 0:08:43]} Qf7 {[%emt 0:01:43]} 21. Rf3 {[%emt 0:00:11]} f5 {[%emt 0:00:19]} 22. Qf4 {[%emt 0:00:21]} Rd7 {[%emt 0:01:27]} 23. Re1 {[%emt 0:00:39]} Ne7 {[%emt 0:03:34]} 24. Bb5 {[%emt 0:07:43]} Bc6 {[%emt 0:01:46]} 25. d5 {[%emt 0:03:35]} Rxd5 {[%emt 0:01:45]} 26. Bc4 {[%emt 0:00:02]} b5 {[%emt 0:01:13]} 27. Bb3 {[%emt 0:01:53]} Ng8 {[%emt 0:09:06]} 28. Rfe3 {[%emt 0:01:40]} Re8 {[%emt 0:00:29]} 29. Bxd5 {[%emt 0:00:44]} Bxd5 {[%emt 0:00:06]} 30. Qd4+ {[%emt 0:00:11]} Nf6 {[%emt 0:02:29]} 31. Re5 {[%emt 0:00:18]} Rf8 {[%emt 0:00:42]} 32. a4 {[%emt 0:00:52]} h6 {[%emt 0:01:43]} 33. Bxf6+ {[%emt 0:00:30]} Qxf6 {[%emt 0:00:06]} 34. axb5 {[%emt 0:00:04]} 1-0